Tilastot visalle Suomen arkkiatrit

Klikkaa tästä pelataksesi tätä visaa!

Yleistilastot

  • Tätä visaa on pelattu 8 kertaa
  • Keskiarvotulos 1 / 12

Vastaustilastot

Vuodet arkkiatrinaNimi% Oikein
1952-1992Arvo Ylppö
100%
1992-1995Nils Oker-Blom
14%
1859-1898Evert Julius Bonsdorff
0%
1817-1831Gabriel von Bonsdorff
0%
1933-1943Jaakko Karvonen
0%
1833-1859Johan Agapetus Törngren
0%
1896-1912Johan Isak Björkstén
0%
1844-1864Lars Henrik Törnroth
0%
1943-1951Oswald Renkonen
0%
1885-1913Otto Hjelt
0%
1928-1931Richard Sievers
0%
1995-Risto Pelkonen
0%

Tulosjakauma

Persentiili vastausten määrän mukaan

Jokaisen tuloksen saaneiden osuus

Tuloshistoriasi

Et ole pelannut tätä visaa